Sociología de la organización (Record no. 210284)

MARC details
000 -CABECERA
campo de control de longitud fija 00719cam a22002297a 4500
003 - IDENTIFICADOR DEL NÚMERO DE CONTROL
campo de control MX-MxUPN
005 - FECHA Y HORA DE LA ÚLTIMA TRANSACCIÓN
campo de control 20240803063835.0
008 - ELEMENTOS DE LONGITUD FIJA--INFORMACIÓN GENERAL
campo de control de longitud fija 230912s1967 mx|a|||fr|||| 000 0 spa d
040 ## - FUENTE DE LA CATALOGACIÓN
Centro catalogador/agencia de origen MX-MxUPN
Lengua de catalogación spa
041 1# - CÓDIGO DE IDIOMA
Código de lengua del texto/banda sonora o título independiente spa
Código de lengua original ger
050 #4 - SIGNATURA TOPOGRÁFICA DE LA BIBLIOTECA DEL CONGRESO
Número de clasificación HM131
Número de documento/Ítem M368 1967
100 1# - ASIENTO PRINCIPAL--NOMBRE PERSONAL
9 (RLIN) 29200
Nombre de persona Mayntz, Renate,
Fechas asociadas al nombre 1929-
245 10 - MENCIÓN DE TÍTULO
Título Sociología de la organización
260 ## - PUBLICACIÓN, DISTRIBUCIÓN, ETC.
Lugar de publicación, distribución, etc. Madrid :
Nombre del editor, distribuidor, etc. Alianza Editorial,
Fecha de publicación, distribución, etc. 1967
300 ## - DESCRIPCIÓN FÍSICA
Extensión 265 páginas
490 0# - MENCIÓN DE SERIE
Mención de serie El libro de bolsillo. Sección ciencia y técnica
500 ## - NOTA GENERAL
Nota general Título original : "Soziologie der organisation".
650 #4 - ASIENTO SECUNDARIO DE MATERIA - TERMINO TEMATICO
Término de materia o nombre geográfico como elemento de entrada Sociología organizacional
9 (RLIN) 6548
650 #2 - ASIENTO SECUNDARIO DE MATERIA - TERMINO TEMATICO
9 (RLIN) 7125
Término de materia o nombre geográfico como elemento de entrada Grupos sociales
902 ## - ELEMENTOS DE DATOS B LOCAL, LDB (RLIN)
Creó GCH120923
Modificó VíctorGodínez/231023
942 ## - ELEMENTOS DE PUNTO DE ACCESO ADICIONAL (KOHA)
Fuente del sistema de clasificación o colocación Library of Congress Classification
Tipo de ítem Koha Libro
Holdings
Estado de retiro Estado de pérdida Fuente del sistema de clasificación o colocación Estado dañado No para préstamo Código de colección Localización permanente Ubicación/localización actual Ubicación en estantería Fecha de adquisición Clasificación Código de barras Fecha visto por última vez Tipo de ítem Koha
    Library of Congress Classification     Colección General Bib. Gregorio Torres Quintero Bib. Gregorio Torres Quintero Planta baja 12/09/2023 HM131 M368 1967 337242 12/09/2023 Libro